Begins with C Ends with X Quiz Stats

 Plays Quiz not verified by Sporcle

Support Sporcle.
Go Orange.
Score 0/20 Timer 05:00
0 Plays Today
Hint Answer % Correct
A story's point of greatest intensity, or a sexual highclimax
88.7%
Three dimensional cross with a representation of Jesus' bodycrucifix
76.1%
Curving or bulging outward, as opposed to concaveconvex
69%
Detailed and intricate, hard to solve or analyzecomplex
68.5%
Common laundry room product, used for bleachingClorox
68.1%
Square shaped General Mills cereal and snack foodChex
68.1%
To both relax and chill at the same time (slang)chillax
67.1%
Prefrontal region of the brain, center of executive functioning and the personalitycortex
64.3%
Narrow portion of the uterus that joins with the top end of the vaginacervix
62%
To influence by gentle persuasioncoax
60.1%
Hint Answer % Correct
Premium television network that broadcasts films, softcore erotica, and documentaries; operated by HBOCinemax
60.1%
The essential or deciding point, or a distinctive winter constellation shaped like a crosscrux
52.6%
Commonly referred to as the tailbone, the final segment of the vertebral columncoccyx
50.7%
Expansive french castles or mansions chateaux
42.3%
The United States' largest used-car retailerCarmax
39%
A virtual sex encounter where explicit images or videos are sharedcybersex
39%
A brand of lip balm for eliminating cold sores and soothing dry lips, yellow capped jarsCarmex
32.9%
A prescription medication for arthritis and joint painCelebrex
20.7%
A diacritic (accent mark) used in the forms of many written languages, e.g. drĂ´lecircumflex
20.7%
A prescription medication for quitting smoking, known to cause abnormal dreams and suicidal thoughtsChantix
17.8%

You're not logged in!

Compare scores with friends on all Sporcle quizzes.
OR
Log In

From the Vault

The Only Letter II

by giveupyet

These poor letters were left all alone.
Remove Ads.
Support Sporcle.
Get the best of Sporcle when you Go Orange. This ad-free experience offers more features, more stats, and more fun while also helping to support Sporcle. Thank you for becoming a member.

Show Comments

Extras

Top Quizzes Today


Score Distribution

Your Account Isn't Verified!

In order to create a playlist on Sporcle, you need to verify the email address you used during registration. Go to your Sporcle Settings to finish the process.

Report this User

Report this user for behavior that violates our Community Guidelines.

Details: